000 01232cam a2200205 4500
001 WB3930-17
008 030804n2003 000 0 eng u
035 _a(Sirsi) u123182
245 _aLand disposal in local authority hands
260 _c2003
490 _aODPM News Release
_v(0160) 4 August 2003 (2)
520 _aThe new General Disposal Consent 2003, which came into effect with the publication of ODPM Circular 06/2003, will give local authorities greater freedom to exercise discretion in the disposal of their land. In certain circumstances local authorities will be able to sell off land for less than its market value without having to obtain the Secretary of State's permission. ODPM Circular 06/2003 provides guidance to local authorities on their disposal powers under the Local Government Act 1972 s123 and s127 and is available at www.odpm.gov.uk/stellent/groups/odpm_planning/documents/page/odpm_plan_023358.hcsp#P35_2483. www.odpm.gov.uk/pns/DisplayPN.cgi?pn_id=2003_0160
590 _aWB
650 _aLAND DISPOSAL
650 _aLOCAL AUTHORITIES
650 _aODPM CIRCULAR 06/2003
650 _aLand use
_96251
690 _aENVIRONMENTAL AND LAND CONSULTANCY-PLANNING AND DEVELOPMENT
942 _n0
999 _c73156
_d73156